000 01126cam a2200301 i 4500
001 127073
005 20230404125756.0
008 171016s2011 nyu 000 0 eng d
020 _a9781598530940
041 _aeng
050 1 4 _a002 E 183
_bA512 2011
082 0 0 _a973
245 0 0 _aAmerican speeches :
_bpolitical oratory from Patrick Henry to Barack Obama /
_cedited and with an introduction by Ted Widmer
246 3 0 _aPolitical oratory from Patrick Henry to Barack Obama
260 _aNew York :
_bThe Library of America,
_c2011
300 _a403 p. :
_c20 cm
440 4 _aThe Library of America paperback classic
650 0 _aSpeeches, addresses, etc., American
_xSources.
650 0 _aPolitical oratory
_zUnited States
_xSources.
651 0 _aUnited States
_xPolitics and government
_xSources.
650 0 _aDiscursos americanos
_xFuentes
651 4 _aEstados Unidos
_xOratoria política
_yFuentes
651 4 _aEstados Unidos
_xPolítica y gobierno
_yFuentes
651 4 _aEstados Unidos
_xPolítica y gobierno
_xHistoria
_yFuentes
700 1 _aWidmer, Edward L..
_eed.
942 _2lcc
_cbk
946 _adpf
999 _c4452
_d4452